Postharvest physiology and storage of tropical and subtropical fruits /

Bibliographic Details
Other Authors: Mitra, S. K. (Horticulturist)
Format: Book
Language:English
Published: New York : Cab International, 1997.
Subjects:

MARC

Tag First Indicator Second Indicator Subfields
LEADER 00000cam a22000008a 4500
001 in00001404063
005 20190826145531.0
008 970402s1997 nyu b 001 0 eng
010 |a  97013568  
020 |a 0851992102 (alk. paper) 
035 |a (OCoLC)36746404 
035 |9 AHN1056AM 
040 |a DLC  |c DLC  |d TXA  |d UtOrBLW 
049 |a TXAM 
050 0 0 |a SB359  |b .P585 1997 
082 0 0 |a 634/.6  |2 21 
245 0 0 |a Postharvest physiology and storage of tropical and subtropical fruits /  |c edited by S.K. Mitra. 
263 |a 9709 
264 1 |a New York :  |b Cab International,  |c 1997. 
300 |a 423 pages :  |b illustrations 
336 |a text  |b txt  |2 rdacontent 
337 |a unmediated  |b n  |2 rdamedia 
338 |a volume  |b nc  |2 rdacarrier 
504 |a Includes bibliographical references and index. 
650 0 |a Tropical fruit  |x Postharvest physiology. 
650 0 |a Tropical fruit  |x Storage. 
650 0 |a Tropical fruit  |x Postharvest diseases and injuries. 
700 1 |a Mitra, S. K.  |c (Horticulturist) 
948 |a C:BLW  |d 20030515 
999 |a MARS 
999 f f |s 95167df4-37d9-36cf-bf8d-0f020ad6ab94  |i 305ada36-d2c7-36d5-b91b-8a07f570e4dd  |t 0 
952 f f |p ric  |a Texas A&M University  |b Rellis Campus  |c Joint Library Facility  |d Remote Storage  |t 0  |e SB359 .P585 1997  |h Library of Congress classification  |i unmediated -- volume  |m A14822446106 
998 f f |a SB359 .P585 1997  |t 0  |l Remote Storage